[Event "Charleville Mezieres op 5th"]
[Site "Charleville Mezieres"]
[Date "2008.??.??"]
[Round "3"]
[White "Boillon, Vincent"]
[Black "Collet, Guillaume"]
[Result "1/2-1/2"]
[WhiteElo "2157"]
[BlackElo "1989"]
[PlyCount "68"]
[EventDate "2008.12.26"]
[EventType "swiss"]
[EventRounds "7"]
[EventCountry "FRA"]
[SourceTitle "CBM 128 Extra"]
[Source "ChessBase"]
[SourceDate "2009.03.05"]
[SourceVersion "2"]
[SourceVersionDate "2009.03.25"]
[SourceQuality "1"]

1. d4 d5 2. c4 c6 3. Nc3 Nf6 4. Nf3 a6 5. a4 e6 6. Bg5 a5 7. e3 Be7 8. Bd3 Na6 9. 0-0 Nb4 10. b3 Nxd3 11. Qxd3 0-0 12. Rfd1 b6 13. Rac1 Bb7 14. Ne5 Nd7 15. Bxe7 Qxe7 16. Nxd7 Qxd7 17. Nb1 Ba6 18. Qd2 Rfb8 19. Qc2 dxc4 20. bxc4 Qe7 21. Nd2 c5 22. d5 exd5 23. cxd5 Rd8 24. Nc4 Bxc4 25. Qxc4 Rd6 26. e4 Re8 27. f3 g5 28. Kf2 Qe5 29. h3 h5 30. Qc3 f5 31. Qxe5 Rxe5 32. Ke3 Kf7 33. Rd2 Ke7 34. Rb2 Kd7 1/2-1/2

[Event "FRA-chT4 0102"]
[Site "Champagne Ardenne"]
[Date "2002.02.03"]
[Round "5"]
[White "Czekaj, Christophe"]
[Black "Collet, Guillaume"]
[Result "1-0"]
[WhiteElo "1950"]
[BlackElo "1930"]
[PlyCount "27"]
[EventDate "2002.10.??"]
[EventType "team-tourn"]
[EventRounds "7"]
[EventCountry "FRA"]
[SourceTitle "EXT 2005"]
[Source "ChessBase"]
[SourceDate "2004.11.15"]
[SourceVersion "1"]
[SourceVersionDate "2004.11.15"]
[SourceQuality "1"]

1. e4 c5 2. Nf3 Nc6 3. Bb5 e6 4. c3 Nge7 5. d4 cxd4 6. cxd4 d5 7. e5 a6 8. Bd3 Bd7 9. a3 Qb6 10. Bc2 Na5 11. 0-0 Rc8 12. Nc3 Bb5 13. Nxb5 Qxb5 14. Ba4 1-0

[Event "FRA-chT4 0102"]
[Site "Champagne Ardenne"]
[Date "2001.11.18"]
[Round "2"]
[White "Collet, Guillaume"]
[Black "Sohier, Renaud"]
[Result "1/2-1/2"]
[WhiteElo "1940"]
[BlackElo "1910"]
[PlyCount "80"]
[EventDate "2002.10.??"]
[EventType "team-tourn"]
[EventRounds "7"]
[EventCountry "FRA"]
[SourceTitle "EXT 2005"]
[Source "ChessBase"]
[SourceDate "2004.11.15"]
[SourceVersion "1"]
[SourceVersionDate "2004.11.15"]
[SourceQuality "1"]

1. e4 e5 2. Nf3 d6 3. d4 exd4 4. Nxd4 Nf6 5. Nc3 g6 6. Bg5 Bg7 7. Bc4 0-0 8. 0-0 Nbd7 9. Qd2 a5 10. a4 Nc5 11. Rae1 Qe8 12. f3 Nxa4 13. Bb5 Bd7 14. Nd5 Qe5 15. Bxf6 Bxf6 16. Nxf6+ Qxf6 17. Bxd7 Nxb2 18. Qc3 Rfd8 19. Bb5 c6 20. Bxc6 bxc6 21. Qxb2 c5 22. e5 dxe5 23. Nb3 Qb6 24. Qxe5 Rac8 25. Kh1 a4 26. Na1 c4 27. Qc3 Rd6 28. Re4 Qc6 29. h3 Qa6 30. Rfe1 Qc6 31. Qd2 Kg7 32. Qc3+ Kg8 33. Qb2 Rcd8 34. Qb4 Rd1 35. Qc3 a3 36. Qe5 a2 37. Qc3 Qb5 38. Kh2 Qb8+ 39. Kg1 Qb1 40. Kh2 Qb8+ 1/2-1/2

[Event "Ardennes op 3rd"]
[Site "Bogny sur Meuse"]
[Date "2001.07.17"]
[Round "2"]
[White "Renard, Stephane"]
[Black "Collet, Guillaume"]
[Result "1-0"]
[WhiteElo "2071"]
[BlackElo "1980"]
[PlyCount "115"]
[EventDate "2001.07.17"]
[EventType "swiss"]
[EventRounds "9"]
[EventCountry "FRA"]
[SourceTitle "EXT 2020"]
[Source "ChessBase"]
[SourceDate "2019.10.17"]
[SourceVersion "1"]
[SourceVersionDate "2019.10.17"]
[SourceQuality "1"]

1. f4 d5 2. b3 c5 3. e3 Nc6 4. Bb5 Nf6 5. Bxc6+ bxc6 6. Bb2 Bf5 7. Nf3 e6 8. 0-0 Be7 9. d3 0-0 10. Nbd2 Ng4 11. Qe2 Bf6 12. Bxf6 Nxf6 13. Ne5 Rc8 14. g4 Bg6 15. Ndf3 Ne8 16. Qg2 Nd6 17. c4 f6 18. Nxg6 hxg6 19. Nh4 Qe8 20. Rf3 Kf7 21. Raf1 Rh8 22. Rh3 Ke7 23. f5 Kd7 24. Nxg6 Rxh3 25. Qxh3 e5 26. e4 dxe4 27. dxe4 Kc7 28. Qe3 Nb7 29. g5 Rd8 30. gxf6 gxf6 31. h4 Rd4 32. Re1 Nd6 33. Qf3 Qf7 34. Kf2 Qh7 35. Re3 Qh6 36. Ke2 a5 37. h5 Qg5 38. Nf8 Qg1 39. Ne6+ Kb6 40. Nxd4 cxd4 41. Rd3 Qh2+ 42. Kf1 Nf7 43. a4 Ng5 44. Qg4 c5 45. Rg3 Kc6 46. Rg2 Qh1+ 47. Kf2 d3 48. Ke3 Qa1 49. Kxd3 Qd4+ 50. Ke2 Nxe4 51. h6 Nc3+ 52. Kf1 Qd3+ 53. Kg1 Qe3+ 54. Rf2 e4 55. h7 Qh6 56. Rc2 Qe3+ 57. Kg2 Qd3 58. Rxc3 1-0

[Event "FRA-chT4 0001"]
[Site "Champagne Ardenne"]
[Date "2001.01.14"]
[Round "4"]
[White "Collet, Guillaume"]
[Black "Delmont, Jean Robert"]
[Result "1/2-1/2"]
[WhiteElo "2024"]
[BlackElo "1970"]
[PlyCount "70"]
[EventDate "2001.10.??"]
[EventType "team-tourn"]
[EventRounds "7"]
[EventCountry "FRA"]
[SourceTitle "EXT 2005"]
[Source "ChessBase"]
[SourceDate "2004.11.15"]
[SourceVersion "1"]
[SourceVersionDate "2004.11.15"]
[SourceQuality "1"]

1. e4 c5 2. Nf3 d6 3. d4 cxd4 4. Nxd4 Nf6 5. Nc3 g6 6. Be3 Bg7 7. f3 0-0 8. Qd2 Nc6 9. 0-0-0 d5 10. exd5 Nxd5 11. Nxc6 bxc6 12. Nxd5 cxd5 13. Qxd5 Qc7 14. Qc5 Qb8 15. Qa3 Bf5 16. Bd3 Qe5 17. Bxf5 gxf5 18. Bd4 Qf4+ 19. Qe3 Bh6 20. Qxf4 Bxf4+ 21. Kb1 a5 22. Bc5 Rfe8 23. Rhe1 e5 24. g3 Bh6 25. Bd6 Bg7 26. c4 Rac8 27. c5 f6 28. Rd3 Kf7 29. Rb3 e4 30. fxe4 fxe4 31. Rb7+ Kg6 32. Re7 Rxe7 33. Bxe7 f5 34. Rd1 Kf7 35. Bd6 Ke6 1/2-1/2

[Event "FRA-chT4 0001"]
[Site "Champagne Ardenne"]
[Date "2000.12.10"]
[Round "3"]
[White "Collet, Guillaume"]
[Black "Flamant, Jacky"]
[Result "1-0"]
[WhiteElo "1980"]
[BlackElo "1790"]
[PlyCount "41"]
[EventDate "2001.10.??"]
[EventType "team-tourn"]
[EventRounds "7"]
[EventCountry "FRA"]
[SourceTitle "EXT 2005"]
[Source "ChessBase"]
[SourceDate "2004.11.15"]
[SourceVersion "1"]
[SourceVersionDate "2004.11.15"]
[SourceQuality "1"]

1. e4 e6 2. d4 d5 3. Nc3 Bb4 4. e5 c5 5. a3 Bxc3+ 6. bxc3 Ne7 7. Qg4 Qc7 8. Qxg7 Rg8 9. Qxh7 cxd4 10. Ne2 Nbc6 11. f4 Bd7 12. Qd3 dxc3 13. Qxc3 Rc8 14. Rb1 Nf5 15. Bd2 Qd8 16. Rb2 Ncd4 17. Qd3 Nxe2 18. Qxe2 Qh4+ 19. Kd1 Ba4 20. Qe1 Nd4 21. Qxh4 1-0